000 00363nam a2200133Ia 4500
008 230917s9999||||xx |||||||||||||| ||und||
040 _e94658
_aMAIN
041 _aEnglish
082 _a823.9 M834C:F
100 _aCharanjit Singh
245 0 _aFeminist perspective in Toni Morrision's morels- the bluest eye, sula & the beloved
300 _a90 p.
942 _cTH
999 _c74615
_d74615